Informe sobre Chile 2002: la base de datos más completa de Chile desde 1975

Na minha lista:
Detalhes bibliográficos
Formato: Livro
Idioma:espanhol
Publicado em: Santiago Gestión 2002
Colecção:Colección Estrategia
Assuntos:
Tags: Adicionar Tag
Sem tags, seja o primeiro a adicionar uma tag!

MARC

LEADER 00000nam a2200000 a 4500
001 UCL8726
003 CL-VaPUC
008 040702e20020000CL |||||||||||||||||spa|d
082 0 4 |a 318.3  |b INF  |2 21 
245 1 0 |a Informe sobre Chile 2002: la base de datos más completa de Chile desde 1975 
300 |a 260 p 
942 |c BK 
945 |d 20040702 00:00:00  |a cmena 
260 |a Santiago  |b Gestión  |c 2002 
500 |a Incluye Cd 
650 0 |a Comercio exterior  |9 257617 
650 7 |a CUENTAS NACIONALES  |2 CL-VaPUC  |9 344474 
650 0 |a Demografía   |9 260008 
650 0 |a Educación  |9 258661 
650 7 |a FONDO DE PENSIONES  |2 CL-VaPUC  |9 344475 
650 0 |a Inversiones extranjeras  |9 255451 
650 7 |a ORGANIZACION ADMINISTRATIVA  |2 CL-VaPUC  |9 257438 
650 7 |a ORGANIZACION POLITICA  |2 CL-VaPUC  |9 257437 
650 0 |a Precios   |9 260787 
650 7 |a REMUNERACIONES  |2 CL-VaPUC  |9 371777 
650 0 |a Salud  |9 258663 
650 7 |a SEGUROS  |2 CL-VaPUC  |9 486696 
651 7 |a CHILE  |2 CL-VaPUC  |9 486697 
583 |a last modification  |c 20040702 00:00:00  |k Rodrigo Vera 
490 0 |a Colección Estrategia 
999 |c 309897  |d 309895 
952 |0 0  |1 0  |4 0  |6 318_300000000000000_INF_2002  |7 0  |8 F  |9 377756  |a BIBGIM  |b BIBGIM  |d 2019-11-21  |i 403399K  |o 318.3 INF 2002  |p 403399K  |r 2025-01-15  |w 2019-11-21  |y BK_F  |k GIM